000 00294nam a2200133 i 4500
001 bg
100 1 _aPIŃSKI, A. A.
245 0 _aZadania z fizyki /
_cA.A. Piński.
260 _aWarszawa,
_c1984.
040 _cBPK
041 _apol
942 _cKS
008 s pl f |000 0 pol
999 _c1119
_d1119
856 _uhttp://koha.tu.koszalin.pl/cgi-bin/koha/opac-detail.pl?biblionumber=1119
_yKatalog online BPK